000 01057naa a22003137a 4500
001 BR4000068
003 BR-BrBNA
005 20240918172754.0
007 ta
008 230509b bl.||||| |||| 00| 0 por d
040 _aBR-BrBNA
_bpor
_cBiblioteca Nacional de Agricultura
041 _a(Pt)
072 _aF60
_b1110
090 _aF60 BR4000068
100 1 _aLima, J.F.
111 1 _a1. Congresso Brasileiro de Agronomia
_cPiracicaba, SP (Brazil)
_d25 Nov 1936
245 1 _aA dicogamia nas flores do abacateiro [Persea americana, fecundacao vegetal]
260 3 _aPiracicaba, SP (Brasil):
_c1940.
500 _aAnais do 1. Congresso Brasileiro de Agronomia Piracicaba, SP (Brasil): 1940. p. 135-152 (BR4000068-AM)F60
650 _aABACATE
650 _aFLOR
650 _aBOTANICA
650 _aPOLEN
650 _aPOLINIZACAO
650 _aFLORACAO
773 0 _tAnais do 1. Congresso Brasileiro de Agronomia
_b
_wF60 BR4000068
_gPiracicaba, SP (Brasil), 1940. p. 135-152
909 _a202404
_bLucia
_c55
_dLucia Elande
942 _cAM
_2AGRIS
999 _c301461
_d301461